<L'>Histoire de France <à> travers ses personnages
Salvato in:
| Autore principale: | |
|---|---|
| Altri autori: | , |
| Natura: | Libro |
| Lingua: | francese |
| Pubblicazione: |
Paris
Hachette Éducation
2016
|
| Serie: | Le Bled
|
| Soggetti: | |
| Tags: |
Nessun Tag, puoi essere il primo ad aggiungerne!!
|
MARC
| LEADER | 00000nam a2200000 4500 | ||
|---|---|---|---|
| 001 | 0248436 | ||
| 005 | 20240314094335.7 | ||
| 020 | |a 978-2-01-270735-1 | ||
| 041 | 0 | |a fre | |
| 044 | |a FR | ||
| 245 | 1 | 0 | |a <L'>Histoire de France |b <à> travers ses personnages |c Antoine Auger, Marion Fontaine, Guillaume Picon |
| 264 | 1 | |a Paris |b Hachette Éducation |c 2016 | |
| 300 | |a 316 s. | ||
| 490 | 1 | |a Le Bled | |
| 830 | 0 | |a Le Bled | |
| 610 | 2 | 0 | |a jazykoveda |
| 610 | 2 | 0 | |a história |
| 610 | 2 | 0 | |a terminológia |
| 610 | 2 | 0 | |a jazyky cudzie |
| 610 | 2 | 0 | |a francúzština |
| 610 | 2 | 0 | |a dejiny |
| 610 | 2 | 0 | |a osobnosť |
| 610 | 2 | 0 | |a Francúzsko |
| 100 | 1 | |a Auger, Antoine | |
| 700 | 1 | |a Fontaine, Marion | |
| 700 | 1 | |a Picon, Guillaume | |